LEADER 01681nam a2200373 a 4500 001 000000161131 003 CaOOAMICUS 005 20170606090605.0 008 170606s2017 it u000 u ita r 020 $a978-88-93173-58-2* 032 $aLibriCat 040 $aPUL$bita 082 $a348.45 110 1 $aItalia.$0(OLS)http://pul/name/1188 240 10$aCodice del fallimento (2017).$0(OLS)http://pul/title/200848 245 10$aCodice del fallimento e della crisi d'impresa : $bcommentato con la giurisprudenza /$ca cura di Marco Gubitosi. 250 $a8. ed. 260 $aPiacenza :$bLa Tribuna,$cİ2017. 300 $a1597 p. ;$c19 cm. 490 1 $aI codici commentati con la giurisprudenza 500 $aTesto su colonne. 500 $aIn cop.: Aggiornato con la "Legge salva banche" 17 febbrario 2017, n.15 650 4$aFallimento (diritto).$0(OLS)http://pul/subject/17091 650 4$aDiritto fallimentare$zItalia.$0(OLS)http://pul/subject/34853 700 1 $aGubitosi, Marco.$0(OLS)http://pul/name/67209 830 2$aI codici commentati con la giurisprudenza.$0(OLS)http://pul/title/135813 850 $aPUL 852 $aPUL$W1$xDP2 Diritto e Scienze Sociali 3$y110$m348. 45 COD 3.2.67$j185083$qDDC 21$B188279$CPULBib$Z2$F188279 $H129770 $81 941 1 $a9 996 $6020$a978-88-93173-58-2*$9(OLS)http://pul/number/162804 996 $6082$a348.45$9(OLS)http://pul/classification/373 996 $6245$aCodice del fallimento e della crisi d'impresa : $bcommentato con la giurisprudenza$9(OLS)http://pul/title/200849 996 $6260$aPiacenza :$bLa Tribuna$9(OLS)http://pul/publisher/69734 LEADER 01325nam a2200313 a 4500 001 000000137949 003 CaOOAMICUS 005 20140328104428.0 008 140328s2013 it u001 u ita r 020 $z978-88-61598966* 040 $aPUL$bita 082 04$a261.8 245 03$aLa luce della ragione :$ba 50 anni dalla Pacem in terris /$ca cura di Luigi Bonanate e Roberto Papini. 260 $aMilano :$bBruno Mondadori,$cİ2013. 300 $a137 p. ;$c17 cm 490 1 $aRicerca 500 $aBibliografia in nota. 600 04$aIohannes PP. XXIII,$cs.,$d1881-1963$tPacem in terris.$0(OLS)http://pul/subject/39350 700 1 $aBonanate, Luigi.$0(OLS)http://pul/name/40774 700 1 $aPapini, Roberto$b1938-$0(OLS)http://pul/name/5643 830 0$aRicerca (Bruno Mondadori).$0(OLS)http://pul/title/167880 850 $aPUL 852 $aPUL$W1$xSL Religione 3$y85$m261. 8 BONLU 1$j159017$qDDC 21$B158569$CPULBib$Z2$F158569 $H123751 $82 941 1 $a9 996 $6020$z978-88-61598966*$9(OLS)http://pul/number/154946 996 $6082$a261.8$9(OLS)http://pul/classification/367 996 $6245$aLa luce della ragione :$ba 50 anni dalla Pacem in terris$9(OLS)http://pul/title/174681 996 $6260$aMilano :$bBruno Mondadori$9(OLS)http://pul/publisher/60338